Top Management Team Composition and Financial Performance: Examining the Role of Gender Diversity

Otázka zastúpenia žien v tímoch vrcholového manažmentu ako oblasti rastúceho záujmu tvorcov politík a výskumných pracovníkov. Skúmanie vzájomného vzťahu medzi rodovou rozmanitosťou a finačnou výkonnosťou. Teoretický rámec problematiky, súhrn existujúcich empirických výskumov, opis vlastného výskumu...

Descrizione completa

Salvato in:
Dettagli Bibliografici
Autore principale: Egerová, Dana
Altri autori: Nosková, Marta
Natura: Capitolo di libro
Lingua:inglese
Soggetti:
Tags: Aggiungi Tag
Nessun Tag, puoi essere il primo ad aggiungerne!!

MARC

LEADER 00000naa a2200000 4500
001 0257913
005 20220719115539.0
041 0 |a eng 
044 |a CZ 
245 1 0 |a Top Management Team Composition and Financial Performance: Examining the Role of Gender Diversity  |c Dana Egerová, Marta Nosková 
520 |a Otázka zastúpenia žien v tímoch vrcholového manažmentu ako oblasti rastúceho záujmu tvorcov politík a výskumných pracovníkov. Skúmanie vzájomného vzťahu medzi rodovou rozmanitosťou a finačnou výkonnosťou. Teoretický rámec problematiky, súhrn existujúcich empirických výskumov, opis vlastného výskumu a výsledky. 
610 2 0 |a vzťahy genderové 
610 2 0 |a manažment 
610 2 0 |a výkonnosť podniku 
610 2 0 |a financie 
100 1 |a Egerová, Dana 
700 1 |a Nosková, Marta